000
00317nam a2200121 a 4500
005
20140414132100.0
008
100703s19uu xx 00 eng d
050
_a
FIC
_b
D15 2000
100
_a
Dalal, Deepak
245
_a
Ladakh adventure :
_b
A Vikramaditya Story.
260
_a
s.l :
_b
Tarini,
_c
2000.
999
_c
114434
_d
114434